|
|
|
|
| LEADER |
01313nam a2200301 i 4500 |
| 001 |
30871 |
| 003 |
BD-DhAAL |
| 005 |
20220104171042.0 |
| 008 |
160210s2013 enka b 001 0 eng |
| 999 |
|
|
|c 35890
|d 35890
|
| 010 |
|
|
|a 2012947637
|
| 020 |
|
|
|a 9780199697397 (pbk.)
|
| 040 |
|
|
|a DLC
|b eng
|c DLC
|e rda
|
| 050 |
0 |
0 |
|a RS403
|b .P38 2013
|
| 082 |
0 |
0 |
|a 615.19
|2 23
|
| 100 |
1 |
|
|a Patrick, Graham L.
|9 15676
|
| 245 |
1 |
3 |
|a An introduction to medicinal chemistry /
|c Graham L. Patrick.
|
| 250 |
|
|
|a Fifth edition.
|
| 264 |
|
1 |
|a Oxford :
|b Oxford University Press,
|c 2013
|
| 300 |
|
|
|a xxiii, 789 pages :
|b illustrations (some color) ;
|c 25 cm.
|
| 526 |
|
|
|a PHR
|
| 541 |
|
|
|e 30871, 30872
|
| 650 |
|
0 |
|a Pharmaceutical chemistry.
|9 13820
|
| 852 |
|
|
|a Ayesha Abed Library
|c General Stacks
|
| 906 |
|
|
|a
|b
|
| 942 |
|
|
|2 ddc
|c BK
|
| 952 |
|
|
|0 0
|1 0
|2 ddc
|4 0
|6 615_190000000000000_PAT
|7 1
|8 RPT
|9 57714
|a PHR
|b PHR
|c GEN
|d 2016-01-21
|e R. K. Corporation
|g 5596.00
|l 1
|m 9
|o 615.19 PAT
|p 3010030871
|r 2017-05-22
|s 2016-07-11
|t 1
|v 5596.00
|w 2016-01-21
|y BK
|x BRAC ; price not available in register
|
| 952 |
|
|
|0 0
|1 0
|2 ddc
|4 0
|6 615_190000000000000_PAT
|7 1
|8 RPT
|9 57715
|a BRACUL
|b BRACUL
|c GEN
|d 2016-01-21
|e R. K. Corporation
|g 5596.00
|l 15
|m 122
|o 615.19 PAT
|p 3010030872
|r 2024-06-05
|s 2024-02-25
|t 2
|v 5596.00
|w 2016-01-21
|y BK
|x BRAC ; price not available in register
|